000 00657cab a2200193 4500
001 WB2420-18
008 090401t1988 xxu||||| |||| 00| 0 eng d
035 _a(Sirsi) u18192
041 _aeng
245 _aEnergy efficient offices
260 _c1988
350 _a0
490 _aEnergy Efficiency Office News Release
_vno 7E, 11 May 1988 2 pages
520 _aExtracts from a speech by the Minister of State for Energy in which he stressed the importance of incorporating energy efficiency in new office developments.
650 _aTENANTS REQUIREMENTS
690 _aENVIRONMENTAL AND LAND CONSULTANCY-ENERGY
942 _n0
948 _c04/03/1997
999 _c12071
_d12071